=LDR 00000nam 2200000 4500 =001 NUTBA000000000003375 =005 20200716025042 =035 ##$$a 0010-081400000000220 =008 200716###########################0###### =020 ##$$a 978-979-1101-60-8 =082 ##$$a 793.73 =100 ##$$a EDWARD B. COHEN =245 1#$$a LEFT-BRAIN POWER =250 ##$$a PERTAMA =260 ##$$a JAKARTA :$b PRESTASI PUSTAKA RAYA,$c 2007 =850 ##$$a NBPNMAT =990 ##$$a 0001/BPAP-NTB/20142014 =990 ##$$a 0001/BPAP-NTB/20142014